|
|
|
|
| LEADER |
00000nab a2200000 a 4500 |
| 001 |
vtls000620812 |
| 003 |
SK-MaSNL |
| 005 |
20260302200753.0 |
| 008 |
160401c1997 xo 0 slo |
| 015 |
|
|
|a SNBRB19rr/mm-uuuuu
|
| 035 |
|
|
|a CL0620951
|
| 040 |
|
|
|a SNKBUCL
|b slo
|c SNKBUCL
|e AACR2
|
| 041 |
0 |
|
|a slo
|
| 044 |
|
|
|a xo
|c SK
|
| 080 |
|
|
|a 336.76(437.6):336.74(437.6):338.23(437.6)
|2 1981
|
| 080 |
|
|
|a 336.74(437.6)
|2 1981
|
| 080 |
|
|
|a 338.23(437.6)
|2 1981
|
| 100 |
1 |
|
|a Kovaľák, Ján
|4 aut
|9 920116
|
| 245 |
1 |
0 |
|a K. Mrva verí, že obchodné banky sa z posledného vývoja na medzinárodnom trhu poučia
|b Úrokové sadzby na peňažnom trhu by sa mohli stabilizovať na úrovni 15-16
|c Ján Kovaľák
|
| 650 |
0 |
7 |
|a trh peňažný
|2 snkbucl
|9 894068
|
| 650 |
0 |
7 |
|a menová politika
|2 snkbucl
|9 2307
|
| 655 |
|
7 |
|a články z novín a časopisov
|2 snkbucl
|9 267496
|
| 773 |
0 |
|
|t Trend
|g Č. 5 (1997)
|
| 773 |
0 |
|
|t [Príl.] Fakt
|g Č. 5 (1997), s. 12B
|
| 850 |
|
|
|a Slovenská národná knižnica v Martine
|a MTA001
|
| 852 |
|
|
|a SNK
|b KIS3GCP
|
| 958 |
|
|
|a SK
|
| 958 |
|
|
|a NX
|
| 958 |
|
|
|a RK
|
| 958 |
|
|
|a RBX
|
| 999 |
|
|
|c 1458205
|d 1460135
|